La herencia de Sanabria análisis político de la iglesia costarricense
Uloženo v:
| Hlavní autor: | |
|---|---|
| Médium: | Neznámo |
| Jazyk: | Spanish |
| Vydáno: |
San José, Costa Rica
Departamento Ecuménico de Investigaciones
c1983
|
| Témata: | |
| Tagy: |
Přidat tag
Žádné tagy, Buďte první, kdo vytvoří štítek k tomuto záznamu!
|
MARC
| LEADER | 000000000a22000000004500 | ||
|---|---|---|---|
| 001 | 002004 | ||
| 008 | 171122b xxu||||| |||| 00| 0 spa d | ||
| 041 | 0 | |a spa | |
| 082 | 0 | 4 | |a 282.728.6 |b S687h |
| 100 | 1 | |a Solís, Javier | |
| 245 | 1 | 3 | |a La herencia de Sanabria |b análisis político de la iglesia costarricense |
| 260 | |a San José, Costa Rica |b Departamento Ecuménico de Investigaciones |c c1983 | ||
| 300 | |a 173 páginas | ||
| 500 | |a número de inscripción 01302 | ||
| 600 | 4 | |a SANABRIA MARTINEZ, VICTOR MANUEL, ARZOBISPO DE SAN JOSE, 1899-1952 | |
| 650 | 4 | |a IGLESIA CATOLICA EN COSTA RICA | |
| 650 | 4 | |a COSTA RICA | |
| 942 | |2 ddc |c BK | ||
| 999 | |c 2885 |d 2885 | ||
